Introducción a la Microeconomía: (Registro nro. 9750)

Detalles MARC
000 -LEADER
fixed length control field 00769nam a2200205Ia 4500
005 - FECHA Y HORA DE LA ÚLTIMA TRANSACCIÓN
control field 20231013153208.0
008 - FIXED-LENGTH DATA ELEMENTS--GENERAL INFORMATION
fixed length control field 231013s9999 xx 000 0 und d
020 ## - INTERNATIONAL STANDARD BOOK NUMBER
International Standard Book Number 84-362-3584-3
040 ## - CATALOGING SOURCE
Original cataloging agency UPAN
Transcribing agency Biblioteca San Vicente
Description conventions RCAA2
041 ## - LANGUAGE CODE
Language code of text/sound track or separate title spa
082 ## - DEWEY DECIMAL CLASSIFICATION NUMBER
Classification number 338.519
Item number B678i
año de publicación 1997
100 ## - MAIN ENTRY--PERSONAL NAME
Personal name Bort, Antonio
Relator code aut.
245 #0 - TITLE STATEMENT
Title Introducción a la Microeconomía:
Remainder of title Guía didáctica/
Statement of responsibility, etc Antonio Bort
250 ## - EDITION STATEMENT
Edition statement 1° ed.
260 ## - PUBLICATION, DISTRIBUTION, ETC. (IMPRINT)
Place of publication, distribution, etc España:
Name of publisher, distributor, etc UNED,
Date of publication, distribution, etc 1997
300 ## - PHYSICAL DESCRIPTION
Extent 26 p.;
Dimensions 24 cm.
505 ## - FORMATTED CONTENTS NOTE
Formatted contents note Instrucciones mìnimas, Programa, Bibliografia, Algunas observaciones generales, Sobre la Teorìas Econòmica y algunas de sus dificultades, Breve Guìa de estudio, Nota sobre los exàmenes
650 ## - SUBJECT ADDED ENTRY--TOPICAL TERM
Source of heading or term LEMB
Form subdivision Guia
General subdivision Microeconomía
942 ## - ADDED ENTRY ELEMENTS (KOHA)
Koha item type Libros
Source of classification or shelving scheme Dewey Decimal Classification
Existencias
Withdrawn status Lost status Source of classification or shelving scheme Damaged status Not for loan Collection code Home library Current library Date acquired Total Checkouts Full call number Barcode Date last seen Copy number Price effective from Koha item type
    Dewey Decimal Classification     Referencia Biblioteca UPAN San Vicente Biblioteca UPAN San Vicente 13/10/2023   338.519 B678i 12002020 13/10/2023 01 13/10/2023 Referencia
    Dewey Decimal Classification     Referencia Biblioteca UPAN San Vicente Biblioteca UPAN San Vicente 13/10/2023   338.519 B678i 12002021 13/10/2023 02 13/10/2023 Referencia